The New-England primer improved : for the more easy attaining the true reading of English. : To which is added, the Assembly of Divines, and Mr. Cotton's catechism.

Bibliographic Details
Uniform Title:New England primer.
Corporate Author: Westminster Assembly
Other Authors: Watts, Isaac, 1674-1748, Cotton, John, 1584-1652
Format: Conference Proceeding eBook
Language:English
Series:Early American imprints. Evans (1639-1800) ; no. 44228.
Subjects:
Online Access:Evans Digital Edition

MARC

Tag First Indicator Second Indicator Subfields
LEADER 00000cam a2200000 a 4500
001 in00002145921
006 m e d #
007 cr mn mmmmabba
008 820713s1782 nhua js 000 0 eng d
005 20260331153421.0
035 |z w035844 
035 |a MAAR8207133706B 
035 |9 mwa91-22622 
035 |a 324198 
035 |a aas03035844 
040 |a MWA  |c MWA  |e bdrb  |d UtOrBLW 
130 0 |a New England primer. 
245 1 4 |a The New-England primer improved :  |b for the more easy attaining the true reading of English. : To which is added, the Assembly of Divines, and Mr. Cotton's catechism. 
264 3 |a [Exeter, N.H.] :  |b New-Hampshire: printed and sold [by Zechariah Fowle?] at Exeter,  |c 1782. 
300 |a 80 unnumbered pages :  |b illustrations ;  |c 10 cm. (32mo) 
336 |a text  |b txt  |2 rdacontent 
337 |a computer  |b c  |2 rdamedia 
338 |a online resource  |b cr  |2 rdacarrier 
500 |a Includes hymns by Isaac Watts and verses for children. 
500 |a Zechariah Fowle is the only printer of record at Exeter in 1782. 
510 4 |a Bristol  |c B5552 
510 4 |a Shipton & Mooney  |c 44228 
510 4 |a Heartman, C.F. New England primer,  |c 79 
530 |a Microform version available in the Readex Early American Imprints series. 
533 |a Electronic text and image data.  |b [Chester, Vt. :  |c Readex, a division of Newsbank, Inc.,  |d 2002-2004.  |e Includes files in TIFF, GIF and PDF formats with inclusion of keyword searchable text.  |f (Early American imprints. First series ; no. 44228). 
500 |a Electronic resource. 
650 0 |a Congregational churches  |v Catechisms. 
655 7 |a Primers (Instructional books)  |y 1782.  |2 rbgenr 
655 7 |a Catechisms.  |2 rbgenr 
655 7 |a Juvenile literature  |y 1782.  |2 rbgenr 
700 1 |a Watts, Isaac,  |d 1674-1748. 
700 1 2 |a Cotton, John,  |d 1584-1652.  |t Spiritual milk. 
711 2 2 |a Westminster Assembly  |d (1643-1652).  |t Shorter catechism. 
752 |a United States  |b New Hampshire  |d Exeter. 
830 0 |a Early American imprints.  |n Series I,  |p Evans (1639-1800) ;  |v no. 44228. 
856 4 1 |u http://proxy.library.tamu.edu/login?url=https://opac.newsbank.com/select/evans/44228  |y Evans Digital Edition  |t 0 
999 |a MARS 
999 f f |s 5e1df5ec-9f73-30a2-9d87-e63c79b972e2  |i 89e4a558-ad42-3e0d-b206-c5c0a742eab5  |t 0 
952 f f |a Texas A&M University  |b College Station  |c Electronic Resources  |s www_evans  |d Available Online  |t 0  |h No information provided 
998 f f |t 0  |l Available Online